[Event "FIN-ch 2019"]
[Site "Helsinki"]
[Date "2019.06.17"]
[Round "8.6"]
[White "Ristoja, Samu"]
[Black "Tiitta, Sauli"]
[Result "1-0"]
[WhiteElo "2197"]
[BlackElo "2214"]
[Annotator "NA"]
[PlyCount "67"]
[EventDate "2019.06.10"]
[EventType "swiss"]
[EventCountry "FIN"]
[SourceTitle "playchess.com"]
[Source "ChessBase"]
[SourceQuality "1"]
[TimeControl "40/5400+30:1800+30"]

1. d4 {[%emt 1:30:30]} c5 {[%emt 1:30:30]} 2. d5 {[%emt 0:00:30]} Nf6 {[%emt 0:00:30]} 3. Nc3 {[%emt 0:00:30]} d6 {[%emt 0:00:30]} 4. e4 {[%emt 0:00:30]} g6 {[%emt 0:00:30]} 5. Nf3 {[%emt 0:00:30]} Bg7 {[%emt 0:00:30]} 6. Be2 {[%emt 0:00:30]} O-O {[%emt 0:00:30]} 7. O-O {[%emt 0:00:30]} b6 {[%emt 0:00:30]} 8. Re1 {[%emt 0:00:30]} Na6 {[%emt 0:00:30]} 9. h3 {[%emt 0:00:30]} Nc7 {[%emt 0:00:30]} 10. a4 {[%emt 0:00:30]} e6 {[%emt 0:00:30]} 11. dxe6 {[%emt 0:00:30]} fxe6 {[%emt 0:00:30]} 12. e5 {[%emt 0:00:30]} Nfd5 {[%emt 0:00:30]} 13. Bg5 {[%emt 0:00:30]} Qd7 {[%emt 0:00:30]} 14. Nxd5 {[%emt 0:00:30]} exd5 {[%emt 0:00:30]} 15. Bb5 {[%emt 0:00:30]} Nxb5 {[%emt 0:00:30]} 16. Qxd5+ {[%emt 0:00:30]} Qf7 {[%emt 0:00:30]} 17. Qxa8 {[%emt 0:00:30]} Nd4 {[%emt 0:00:30]} 18. Nxd4 {[%emt 0:00:30]} Bb7 {[%emt 0:00:30]} 19. Qxf8+ {[%emt 0:00:30]} Qxf8 {[%emt 0:00:30]} 20. Ne6 {[%emt 0:00:30]} Qf5 {[%emt 0:00:30]} 21. exd6 {[%emt 0:00:30]} Qd5 {[%emt 0:00:30]} 22. Nf4 {[%emt 0:00:30]} Qxd6 {[%emt 0:00:30]} 23. Rad1 {[%emt 0:00:30]} Bd4 {[%emt 0:00:30]} 24. c3 {[%emt 0:00:30]} Bc6 {[%emt 0:00:30]} 25. cxd4 {[%emt 0:00:30]} cxd4 {[%emt 0:00:30]} 26. Re7 {[%emt 0:00:30]} h6 {[%emt 0:00:30]} 27. Re6 {[%emt 0:00:30]} Qc5 {[%emt 0:00:30]} 28. Rxg6+ {[%emt 0:00:30]} Kf7 {[%emt 0:00:30]} 29. Rg7+ {[%emt 0:00:30]} Kxg7 {[%emt 0:00:30]} 30. Ne6+ {[%emt 0:00:30]} Kg6 {[%emt 0:00:30]} 31. Nxc5 {[%emt 0:00:30]} bxc5 {[%emt 0:00:30]} 32. Be7 {[%emt 0:00:30]} Bxa4 {[%emt 0:00:30]} 33. Ra1 {[%emt 0:00:30]} Bc2 {[%emt 0:00:30]} 34. Bxc5 {[%emt 0:00:30]} 1-0

[Event "FIN-ch 2019"]
[Site "Helsinki"]
[Date "2019.06.17"]
[Round "8.7"]
[White "Jarvenpaa, Jari"]
[Black "Luukkonen, Tommi"]
[Result "1-0"]
[WhiteElo "2204"]
[BlackElo "2330"]
[Annotator "NA"]
[PlyCount "79"]
[EventDate "2019.06.10"]
[EventType "swiss"]
[EventCountry "FIN"]
[SourceTitle "playchess.com"]
[Source "ChessBase"]
[SourceQuality "1"]
[TimeControl "40/5400+30:1800+30"]

1. d4 {[%emt 0:00:00]} d5 {[%emt 0:00:54]} 2. Nf3 {[%emt 0:00:18]} c5 {[%emt 0:00:21]} 3. dxc5 {[%emt 0:02:05]} Na6 {[%emt 0:02:19]} 4. e4 {[%emt 0:02:03]} e6 {[%emt 0:02:07]} 5. exd5 {[%emt 0:07:34]} Bxc5 {[%emt 0:05:19]} 6. Bb5+ {[%emt 0:04:46]} Bd7 {[%emt 0:05:18]} 7. Bc4 {[%emt 0:12:24]} Qb6 {[%emt 0:00:35]} 8. O-O {[%emt 0:02:33]} O-O-O {[%emt 0:00:10]} 9. dxe6 {[%emt 0:04:36]} Bxe6 {[%emt 0:06:54]} 10. Bxe6+ {[%emt 0:07:45]} Qxe6 {[%emt 0:01:32]} 11. Qe1 {[%emt 0:00:22]} Nf6 {[%emt 0:06:38]} 12. Qxe6+ {[%emt 0:05:19]} fxe6 {[%emt 0:00:04]} 13. Bg5 {[%emt 0:02:07]} h6 {[%emt 0:04:47]} 14. Bxf6 {[%emt 0:01:08]} gxf6 {[%emt 0:00:03]} 15. Nbd2 {[%emt 0:01:32]} Nc7 {[%emt 0:03:10]} 16. Rfe1 {[%emt 0:01:45]} Rd7 {[%emt 0:03:41]} 17. Nb3 {[%emt 0:00:57]} Bb4 {[%emt 0:06:15]} 18. c3 {[%emt 0:01:00]} Be7 {[%emt 0:02:21]} 19. Nfd4 {[%emt 0:02:21]} e5 {[%emt 0:00:55]} 20. Nf5 {[%emt 0:00:12]} Ne6 {[%emt 0:01:40]} 21. g3 {[%emt 0:02:14]} Ng5 {[%emt 0:01:11]} 22. Kg2 {[%emt 0:01:46]} Bd8 {[%emt 0:02:03]} 23. Rad1 {[%emt 0:01:06]} Bb6 {[%emt 0:01:31]} 24. Rxd7 {[%emt 0:04:00]} Kxd7 {[%emt 0:00:02]} 25. h4 {[%emt 0:03:02]} Nf7 {[%emt 0:00:12]} 26. Ne3 {[%emt 0:05:45]} Nd6 {[%emt 0:02:59]} 27. Nd5 {[%emt 0:01:19]} Bd8 {[%emt 0:01:42]} 28. Rd1 {[%emt 0:01:09]} a5 {[%emt 0:05:09]} 29. Nc5+ {[%emt 0:09:03]} Kc6 {[%emt 0:02:43]} 30. Ne6 {[%emt 0:01:21]} f5 {[%emt 0:01:35]} 31. b3 {[%emt 0:02:58]} b5 {[%emt 0:02:08]} 32. c4 {[%emt 0:04:13]} bxc4 {[%emt 0:01:25]} 33. bxc4 {[%emt 0:00:18]} Nf7 {[%emt 0:07:38]} 34. Nxd8+ {[%emt 0:04:35]} Nxd8 {[%emt 0:03:03]} 35. Ne7+ {[%emt 0:00:26]} Kc5 {[%emt 0:00:08]} 36. Rd5+ {[%emt 0:01:17]} Kxc4 {[%emt 0:00:08]} 37. Rxa5 {[%emt 0:00:12]} Nf7 {[%emt 0:05:25]} 38. Nxf5 {[%emt 0:00:36]} Rd8 {[%emt 0:00:30]} 39. Ra7 {[%emt 0:00:47]} Nd6 {[%emt 0:00:39]} 40. Nxh6 {[%emt 0:02:03]} 1-0

[Event "FIN-ch 2019"]
[Site "Helsinki"]
[Date "2019.06.18"]
[Round "9.1"]
[White "Lahdelma, Henri"]
[Black "Keinanen, Toivo"]
[Result "1/2-1/2"]
[WhiteElo "2188"]
[BlackElo "2370"]
[Annotator "NA"]
[PlyCount "40"]
[EventDate "2019.06.10"]
[EventType "swiss"]
[EventCountry "FIN"]
[SourceTitle "playchess.com"]
[Source "ChessBase"]
[SourceQuality "1"]
[TimeControl "40/5400+30:1800+30"]

1. d4 {[%emt 0:00:00]} d5 {[%emt 0:00:00]} 2. c4 {[%emt 0:00:00]} e6 {[%emt 0:00:00]} 3. Nc3 {[%emt 0:00:00]} Be7 {[%emt 0:00:00]} 4. cxd5 {[%emt 0:00:00]} exd5 {[%emt 0:00:05]} 5. Bf4 {[%emt 0:00:57]} c6 {[%emt 0:00:05]} 6. e3 {[%emt 0:00:09]} Bf5 {[%emt 0:02:23]} 7. Nge2 {[%emt 0:00:22]} Nd7 {[%emt 0:01:37]} 8. Ng3 {[%emt 0:00:10]} Bg6 {[%emt 0:00:01]} 9. Be2 {[%emt 0:00:31]} Ngf6 {[%emt 0:01:10]} 10. h4 {[%emt 0:00:11]} h5 {[%emt 0:00:03]} 11. Bf3 {[%emt 0:00:55]} Qb6 {[%emt 0:01:35]} 12. Qe2 {[%emt 0:00:50]} Kf8 {[%emt 0:04:41]} 13. Rc1 {[%emt 0:03:26]} Re8 {[%emt 0:02:46]} 14. O-O {[%emt 0:02:48]} Qd8 {[%emt 0:02:16]} 15. Rfe1 {[%emt 0:00:06]} Ng4 {[%emt 0:06:47]} 16. e4 {[%emt 0:00:30]} Bxh4 {[%emt 0:03:19]} 17. Qd2 {[%emt 0:05:12]} Bxg3 {[%emt 0:10:16]} 18. Bxg3 {[%emt 0:00:09]} dxe4 {[%emt 0:03:36]} 19. Bxe4 {[%emt 0:06:38]} Kg8 {[%emt 0:13:35]} 20. Bxg6 {[%emt 0:01:58]} fxg6 {[%emt 0:00:03]} 1/2-1/2

[Event "FIN-ch 2019"]
[Site "Helsinki"]
[Date "2019.06.18"]
[Round "9.2"]
[White "Koykka, Pekka"]
[Black "Hokkanen, Petri"]
[Result "1-0"]
[WhiteElo "2399"]
[BlackElo "2199"]
[Annotator "NA"]
[PlyCount "40"]
[EventDate "2019.06.10"]
[EventType "swiss"]
[EventCountry "FIN"]
[SourceTitle "playchess.com"]
[Source "ChessBase"]
[SourceQuality "1"]
[TimeControl "40/5400+30:1800+30"]

1. e4 {[%emt 0:03:56]} c5 {[%emt 0:00:00]} 2. Nf3 {[%emt 0:00:12]} Nc6 {[%emt 0:00:00]} 3. d4 {[%emt 0:00:28]} cxd4 {[%emt 0:00:03]} 4. Nxd4 {[%emt 0:00:03]} g6 {[%emt 0:00:10]} 5. Nc3 {[%emt 0:00:17]} Bg7 {[%emt 0:00:30]} 6. Be3 {[%emt 0:00:09]} Nf6 {[%emt 0:00:06]} 7. Bc4 {[%emt 0:00:17]} O-O {[%emt 0:00:08]} 8. Bb3 {[%emt 0:00:14]} Qa5 {[%emt 0:01:50]} 9. O-O {[%emt 0:01:03]} d6 {[%emt 0:02:35]} 10. h3 {[%emt 0:00:18]} Bd7 {[%emt 0:03:52]} 11. Re1 {[%emt 0:00:10]} Qh5 {[%emt 0:08:27]} 12. Nxc6 {[%emt 0:10:35]} bxc6 {[%emt 0:07:51]} 13. e5 {[%emt 0:13:17]} Qxe5 {[%emt 0:01:57]} 14. Bd4 {[%emt 0:17:36]} Qg5 {[%emt 0:05:38]} 15. Rxe7 {[%emt 0:00:58]} Bf5 {[%emt 0:11:13]} 16. Be3 {[%emt 0:02:00]} Qh4 {[%emt 0:00:22]} 17. Qxd6 {[%emt 0:01:18]} Nh5 {[%emt 0:08:27]} 18. Rxa7 {[%emt 0:17:05]} Rxa7 {[%emt 0:11:45]} 19. Bxa7 {[%emt 0:02:41]} Re8 {[%emt 0:04:05]} 20. Qxc6 {[%emt 0:01:59]} Rd8 {[%emt 0:31:01]} 1-0

[Event "FIN-ch 2019"]
[Site "Helsinki"]
[Date "2019.06.18"]
[Round "9.3"]
[White "Ristoja, Samu"]
[Black "Nyysti, Sampsa"]
[Result "0-1"]
[WhiteElo "2197"]
[BlackElo "2320"]
[Annotator "NA"]
[PlyCount "116"]
[EventDate "2019.06.10"]
[EventType "swiss"]
[EventCountry "FIN"]
[SourceTitle "playchess.com"]
[Source "ChessBase"]
[SourceQuality "1"]
[TimeControl "40/5400+30:1800+30"]

1. e4 {[%emt 0:00:00]} e5 {[%emt 0:02:54]} 2. Nf3 {[%emt 0:00:00]} Nc6 {[%emt 0:00:08]} 3. d4 {[%emt 0:00:00]} exd4 {[%emt 0:00:07]} 4. Nxd4 {[%emt 0:00:00]} Nf6 {[%emt 0:00:11]} 5. Nc3 {[%emt 0:00:07]} Bb4 {[%emt 0:00:20]} 6. Nxc6 {[%emt 0:00:08]} bxc6 {[%emt 0:00:05]} 7. Bd3 {[%emt 0:00:09]} d5 {[%emt 0:00:12]} 8. exd5 {[%emt 0:00:09]} O-O {[%emt 0:00:19]} 9. O-O {[%emt 0:00:10]} cxd5 {[%emt 0:00:16]} 10. h3 {[%emt 0:00:41]} Re8 {[%emt 0:03:47]} 11. Qf3 {[%emt 0:00:46]} h6 {[%emt 0:03:06]} 12. Bf4 {[%emt 0:01:02]} Be6 {[%emt 0:04:19]} 13. a3 {[%emt 0:04:12]} Bd6 {[%emt 0:03:00]} 14. Nb5 {[%emt 0:03:46]} Bxf4 {[%emt 0:00:15]} 15. Qxf4 {[%emt 0:00:06]} Re7 {[%emt 0:01:59]} 16. b4 {[%emt 0:05:42]} c6 {[%emt 0:06:10]} 17. Nd4 {[%emt 0:01:58]} Rc8 {[%emt 0:04:52]} 18. Nb3 {[%emt 0:14:11]} Qc7 {[%emt 0:03:57]} 19. Qxc7 {[%emt 0:10:54]} Rexc7 {[%emt 0:13:56]} 20. f4 {[%emt 0:05:40]} Rd8 {[%emt 0:05:52]} 21. Nc5 {[%emt 0:05:46]} Bc8 {[%emt 0:01:37]} 22. Rae1 {[%emt 0:05:42]} Kf8 {[%emt 0:00:38]} 23. f5 {[%emt 0:13:15]} Nd7 {[%emt 0:04:11]} 24. Nxd7+ {[%emt 0:07:01]} Rdxd7 {[%emt 0:09:47]} 25. Kf2 {[%emt 0:01:34]} c5 {[%emt 0:01:23]} 26. bxc5 {[%emt 0:00:18]} Rxc5 {[%emt 0:00:23]} 27. Rb1 {[%emt 0:00:49]} Ke7 {[%emt 0:01:00]} 28. Rfe1+ {[%emt 0:01:36]} Kf6 {[%emt 0:00:28]} 29. g4 {[%emt 0:02:52]} Rdc7 {[%emt 0:02:21]} 30. Rb4 {[%emt 0:02:18]} Ra5 {[%emt 0:00:30]} 31. Rb3 {[%emt 0:01:53]} h5 {[%emt 0:01:29]} 32. Kg3 {[%emt 0:01:06]} hxg4 {[%emt 0:07:58]} 33. hxg4 {[%emt 0:00:10]} Kg5 {[%emt 0:05:36]} 34. Re5 {[%emt 0:03:35]} Ra4 {[%emt 0:01:44]} 35. Rb4 {[%emt 0:01:41]} Rxa3 {[%emt 0:00:21]} 36. f6+ {[%emt 0:02:20]} Kxf6 {[%emt 0:00:03]} 37. Kf4 {[%emt 0:00:11]} Bxg4 {[%emt 0:01:23]} 38. Rxd5 {[%emt 0:00:24]} Be6 {[%emt 0:01:44]} 39. Rdb5 {[%emt 0:00:20]} a5 {[%emt 0:04:09]} 40. Rb1 {[%emt 0:00:53]} Ra7 {[%emt 0:01:12]} 41. Ke4 {[%emt 0:07:10]} Ra4+ {[%emt 0:00:44]} 42. Ke3 {[%emt 0:00:40]} Rh4 {[%emt 0:00:23]} 43. Rf1+ {[%emt 0:02:15]} Ke7 {[%emt 0:00:07]} 44. Rg1 {[%emt 0:01:32]} g6 {[%emt 0:00:10]} 45. Kd2 {[%emt 0:00:54]} a4 {[%emt 0:00:31]} 46. Kc1 {[%emt 0:01:04]} a3 {[%emt 0:03:29]} 47. Kb1 {[%emt 0:01:37]} Raa4 {[%emt 0:00:33]} 48. Rb7+ {[%emt 0:01:27]} Kf6 {[%emt 0:00:12]} 49. Ka1 {[%emt 0:00:22]} Rag4 {[%emt 0:01:17]} 50. Rf1+ {[%emt 0:00:45]} Rf4 {[%emt 0:00:06]} 51. Rg1 {[%emt 0:00:32]} Rhg4 {[%emt 0:01:00]} 52. Re1 {[%emt 0:00:15]} Rg2 {[%emt 0:01:39]} 53. Ra7 {[%emt 0:01:08]} a2 {[%emt 0:00:17]} 54. c4 {[%emt 0:00:16]} Rd2 {[%emt 0:00:52]} 55. Be2 {[%emt 0:01:04]} Re4 {[%emt 0:01:02]} 56. Rf1+ {[%emt 0:00:09]} Kg7 {[%emt 0:00:32]} 57. Bd1 {[%emt 0:00:33]} Bxc4 {[%emt 0:00:30]} 58. Bb3 {[%emt 0:00:32]} Bxf1 {[%emt 0:02:47]} 0-1

[Event "FIN-ch 2019"]
[Site "Helsinki"]
[Date "2019.06.18"]
[Round "9.4"]
[White "Agopov, Mikael"]
[Black "Luukkonen, Tommi"]
[Result "1-0"]
[WhiteElo "2432"]
[BlackElo "2330"]
[Annotator "NA"]
[PlyCount "65"]
[EventDate "2019.06.10"]
[EventType "swiss"]
[EventCountry "FIN"]
[SourceTitle "playchess.com"]
[Source "ChessBase"]
[SourceQuality "1"]
[TimeControl "40/5400+30:1800+30"]

1. e4 {[%emt 1:30:30]} g6 {[%emt 1:30:30]} 2. d4 {[%emt 0:00:30]} Bg7 {[%emt 0:00:30]} 3. Nc3 {[%emt 0:00:30]} c6 {[%emt 0:00:30]} 4. Nf3 {[%emt 0:00:30]} d6 {[%emt 0:00:30]} 5. Be3 {[%emt 0:00:30]} b5 {[%emt 0:00:30]} 6. Bd3 {[%emt 0:00:30]} Nf6 {[%emt 0:00:30]} 7. h3 {[%emt 0:00:30]} O-O {[%emt 0:00:30]} 8. O-O {[%emt 0:00:30]} Nbd7 {[%emt 0:00:30]} 9. a4 {[%emt 0:00:30]} b4 {[%emt 0:00:30]} 10. Ne2 {[%emt 0:00:30]} e5 {[%emt 0:00:30]} 11. dxe5 {[%emt 0:00:30]} dxe5 {[%emt 0:00:30]} 12. Nc1 {[%emt 0:00:30]} Qe7 {[%emt 0:00:30]} 13. Nb3 {[%emt 0:00:30]} Nh5 {[%emt 0:00:30]} 14. a5 {[%emt 0:00:30]} Rd8 {[%emt 0:00:30]} 15. Qd2 {[%emt 0:00:30]} Nf4 {[%emt 0:00:30]} 16. Rfd1 {[%emt 0:00:30]} Nf8 {[%emt 0:00:30]} 17. Bc5 {[%emt 0:00:30]} Qf6 {[%emt 0:00:30]} 18. Qxb4 {[%emt 0:00:30]} Nxh3+ {[%emt 0:00:30]} 19. Kf1 {[%emt 0:00:30]} Re8 {[%emt 0:00:30]} 20. Bc4 {[%emt 0:00:30]} g5 {[%emt 0:00:30]} 21. Qc3 {[%emt 0:00:30]} Nf4 {[%emt 0:00:30]} 22. g3 {[%emt 0:00:30]} Qh6 {[%emt 0:00:30]} 23. gxf4 {[%emt 0:00:30]} Bh3+ {[%emt 0:00:30]} 24. Ke1 {[%emt 0:00:30]} exf4 {[%emt 0:00:30]} 25. Bd4 {[%emt 0:00:30]} Rxe4+ {[%emt 0:00:30]} 26. Kd2 {[%emt 0:00:30]} Rd8 {[%emt 0:00:30]} 27. Kc1 {[%emt 0:00:30]} Bxd4 {[%emt 0:00:30]} 28. Nfxd4 {[%emt 0:00:30]} Bg4 {[%emt 0:00:30]} 29. f3 {[%emt 0:00:30]} Re3 {[%emt 0:00:30]} 30. Bd3 {[%emt 0:00:30]} Be6 {[%emt 0:00:30]} 31. Nc5 {[%emt 0:00:30]} Re8 {[%emt 0:00:30]} 32. Ra4 {[%emt 0:00:30]} Ng6 {[%emt 0:00:30]} 33. Ndxe6 {[%emt 0:00:30]} 1-0

[Event "FIN-ch 2019"]
[Site "Helsinki"]
[Date "2019.06.18"]
[Round "9.5"]
[White "Lindholm, Jere"]
[Black "Sipila, Vilka"]
[Result "0-1"]
[WhiteElo "2145"]
[BlackElo "2410"]
[Annotator "NA"]
[PlyCount "72"]
[EventDate "2019.06.10"]
[EventType "swiss"]
[EventCountry "FIN"]
[SourceTitle "playchess.com"]
[Source "ChessBase"]
[SourceQuality "1"]
[TimeControl "40/5400+30:1800+30"]

1. e4 {[%emt 0:00:00]} c5 {[%emt 0:08:27]} 2. Nf3 {[%emt 0:00:00]} d6 {[%emt 0:00:08]} 3. d4 {[%emt 0:00:00]} cxd4 {[%emt 0:00:05]} 4. Nxd4 {[%emt 0:00:00]} Nf6 {[%emt 0:00:04]} 5. Nc3 {[%emt 0:00:03]} Nc6 {[%emt 0:00:15]} 6. Bg5 {[%emt 0:00:12]} e6 {[%emt 0:00:07]} 7. Qd2 {[%emt 0:00:10]} a6 {[%emt 0:00:08]} 8. O-O-O {[%emt 0:00:11]} Bd7 {[%emt 0:00:06]} 9. f4 {[%emt 0:00:10]} b5 {[%emt 0:00:12]} 10. Bxf6 {[%emt 0:00:25]} gxf6 {[%emt 0:00:06]} 11. Nxc6 {[%emt 0:03:46]} Bxc6 {[%emt 0:00:08]} 12. Qe3 {[%emt 0:00:04]} Rc8 {[%emt 0:04:54]} 13. Kb1 {[%emt 0:02:26]} Qc7 {[%emt 0:00:58]} 14. Bd3 {[%emt 0:02:00]} Be7 {[%emt 0:01:21]} 15. f5 {[%emt 0:03:38]} e5 {[%emt 0:07:48]} 16. Qh6 {[%emt 0:03:08]} Qb7 {[%emt 0:07:12]} 17. g4 {[%emt 0:08:36]} a5 {[%emt 0:09:15]} 18. g5 {[%emt 0:11:14]} b4 {[%emt 0:01:28]} 19. Nd5 {[%emt 0:00:51]} Bxd5 {[%emt 0:00:06]} 20. exd5 {[%emt 0:00:03]} fxg5 {[%emt 0:03:27]} 21. Qg7 {[%emt 0:00:08]} Rf8 {[%emt 0:00:17]} 22. f6 {[%emt 0:00:07]} Bd8 {[%emt 0:00:05]} 23. h4 {[%emt 0:00:26]} g4 {[%emt 0:01:33]} 24. Rhg1 {[%emt 0:01:13]} h5 {[%emt 0:02:04]} 25. Bg6 {[%emt 0:03:10]} Qc7 {[%emt 0:12:32]} 26. Bf5 {[%emt 0:01:55]} Rb8 {[%emt 0:00:16]} 27. Bxg4 {[%emt 0:27:50]} hxg4 {[%emt 0:00:33]} 28. h5 {[%emt 0:00:04]} Rc8 {[%emt 0:10:26]} 29. Rc1 {[%emt 0:00:07]} Qc4 {[%emt 0:05:05]} 30. Rxg4 {[%emt 0:07:28]} Qe2 {[%emt 0:00:36]} 31. Rg6 {[%emt 0:00:13]} Bb6 {[%emt 0:05:56]} 32. h6 {[%emt 0:02:49]} Kd7 {[%emt 0:00:13]} 33. h7 {[%emt 0:01:11]} Kc7 {[%emt 0:00:12]} 34. h8=Q {[%emt 0:19:30]} Rxh8 {[%emt 0:00:38]} 35. Qxf7+ {[%emt 0:00:05]} Kb8 {[%emt 0:00:03]} 36. Rg7 {[%emt 0:00:47]} Qxc2+ {[%emt 0:00:19]} 0-1

[Event "FIN-ch 2019"]
[Site "Helsinki"]
[Date "2019.06.18"]
[Round "9.6"]
[White "Ronka, Erik"]
[Black "Norri, Joose"]
[Result "1-0"]
[WhiteElo "2270"]
[BlackElo "2271"]
[Annotator "NA"]
[PlyCount "37"]
[EventDate "2019.06.10"]
[EventType "swiss"]
[EventCountry "FIN"]
[SourceTitle "playchess.com"]
[Source "ChessBase"]
[SourceQuality "1"]
[TimeControl "40/5400+30:1800+30"]

1. e4 {[%emt 1:30:30]} Nf6 {[%emt 1:30:30]} 2. e5 {[%emt 0:00:30]} Nd5 {[%emt 0:00:30]} 3. d4 {[%emt 0:00:30]} d6 {[%emt 0:00:30]} 4. Nf3 {[%emt 0:00:30]} Bg4 {[%emt 0:00:30]} 5. Be2 {[%emt 0:00:30]} e6 {[%emt 0:00:30]} 6. h3 {[%emt 0:00:30]} Bxf3 {[%emt 0:00:30]} 7. Bxf3 {[%emt 0:00:30]} dxe5 {[%emt 0:00:30]} 8. c4 {[%emt 0:00:30]} Nb6 {[%emt 0:00:30]} 9. Bxb7 {[%emt 0:00:30]} Bb4+ {[%emt 0:00:30]} 10. Bd2 {[%emt 0:00:30]} Bxd2+ {[%emt 0:00:30]} 11. Qxd2 {[%emt 0:00:30]} N8d7 {[%emt 0:00:30]} 12. Bxa8 {[%emt 0:00:30]} Qxa8 {[%emt 0:00:30]} 13. O-O {[%emt 0:00:30]} O-O {[%emt 0:00:30]} 14. dxe5 {[%emt 0:00:30]} Nxe5 {[%emt 0:00:30]} 15. b3 {[%emt 0:00:30]} f5 {[%emt 0:00:30]} 16. f4 {[%emt 0:00:30]} Nc6 {[%emt 0:00:30]} 17. Nc3 {[%emt 0:00:30]} Rd8 {[%emt 0:00:30]} 18. Qe3 {[%emt 0:00:30]} Nd4 {[%emt 0:00:30]} 19. c5 {[%emt 0:00:30]} 1-0

[Event "FIN-ch 2019"]
[Site "Helsinki"]
[Date "2019.06.18"]
[Round "9.7"]
[White "Tiitta, Sauli"]
[Black "Jarvenpaa, Jari"]
[Result "0-1"]
[WhiteElo "2214"]
[BlackElo "2204"]
[Annotator "NA"]
[PlyCount "80"]
[EventDate "2019.06.10"]
[EventType "swiss"]
[EventCountry "FIN"]
[SourceTitle "playchess.com"]
[Source "ChessBase"]
[SourceQuality "1"]
[TimeControl "40/5400+30:1800+30"]

1. d4 {[%emt 0:06:32]} Nf6 {[%emt 0:01:46]} 2. Nc3 {[%emt 0:02:20]} d5 {[%emt 0:00:51]} 3. Bf4 {[%emt 0:00:49]} c6 {[%emt 0:03:42]} 4. e3 {[%emt 0:00:36]} g6 {[%emt 0:01:41]} 5. Be2 {[%emt 0:07:36]} Bg7 {[%emt 0:01:06]} 6. h4 {[%emt 0:00:16]} h6 {[%emt 0:01:18]} 7. Nf3 {[%emt 0:02:57]} Bg4 {[%emt 0:03:37]} 8. Ne5 {[%emt 0:03:12]} Bxe2 {[%emt 0:01:35]} 9. Qxe2 {[%emt 0:00:04]} Nbd7 {[%emt 0:05:39]} 10. O-O-O {[%emt 0:01:40]} e6 {[%emt 0:09:03]} 11. f3 {[%emt 0:08:34]} Qe7 {[%emt 0:07:11]} 12. g4 {[%emt 1:01:24]} Nb6 {[%emt 0:02:06]} 13. Qh2 {[%emt 0:00:00]} O-O-O {[%emt 0:06:55]} 14. Qe2 {[%emt 0:00:00]} Ne8 {[%emt 0:02:33]} 15. e4 {[%emt 0:00:00]} Nc7 {[%emt 0:12:50]} 16. Kb1 {[%emt 0:00:00]} Rhe8 {[%emt 0:07:23]} 17. a3 {[%emt 0:00:00]} Nd7 {[%emt 0:06:14]} 18. Nxd7 {[%emt 0:00:00]} Rxd7 {[%emt 0:01:09]} 19. Qe3 {[%emt 0:00:00]} dxe4 {[%emt 0:07:29]} 20. fxe4 {[%emt 0:00:00]} Red8 {[%emt 0:03:06]} 21. e5 {[%emt 0:00:00]} Kb8 {[%emt 0:02:23]} 22. Qf2 {[%emt 0:00:00]} Nd5 {[%emt 0:01:40]} 23. Na4 {[%emt 0:00:00]} Nxf4 {[%emt 0:00:55]} 24. Qxf4 {[%emt 0:00:00]} b6 {[%emt 0:01:03]} 25. Qe4 {[%emt 0:00:00]} c5 {[%emt 0:01:54]} 26. c3 {[%emt 0:00:00]} Rd5 {[%emt 0:00:35]} 27. Rhf1 {[%emt 0:00:00]} Qd7 {[%emt 0:00:37]} 28. b3 {[%emt 0:00:00]} cxd4 {[%emt 0:02:59]} 29. c4 {[%emt 0:00:00]} Rxe5 {[%emt 0:00:51]} 30. Qf4 {[%emt 0:00:00]} f6 {[%emt 0:01:11]} 31. Nc3 {[%emt 0:00:00]} g5 {[%emt 0:01:04]} 32. Qh2 {[%emt 0:00:00]} Qb7 {[%emt 0:01:48]} 33. Rfe1 {[%emt 0:00:00]} Qf3 {[%emt 0:00:47]} 34. Rxe5 {[%emt 0:00:00]} fxe5 {[%emt 0:00:14]} 35. Qc2 {[%emt 0:00:00]} Kc8 {[%emt 0:01:29]} 36. Nb5 {[%emt 0:00:00]} d3 {[%emt 0:00:36]} 37. Qd2 {[%emt 0:00:00]} e4 {[%emt 0:00:36]} 38. Re1 {[%emt 0:00:00]} a6 {[%emt 0:00:26]} 39. Nc3 {[%emt 0:00:00]} Bxc3 {[%emt 0:00:17]} 40. Qxc3 {[%emt 0:00:00]} d2 {[%emt 0:00:17]} 0-1